00676nam a2200229Ia 4500003000400000005001700004008004100021040000700062041001200069082001500081100002100096245002600117260004400143300001300187365001300200650003300213700002700246906002800273942001200301999001900313952011400332OSt20251029192307.0210423s2014 xx 000 0 und d cAL aEnglish a350 bFADI aFadia B L990056 aIndian administration aAgrabSahitya Bhawan Publicationsc2014 a1240bPB b750cINR aPublic Administration990057 aFadia, Kuldeep9243171 aadministration ; Indian 2ddccBK c170052d170052 001040708GENaSACPGbSACPGd2019-03-27g750.00l0o350 FADIpPG016554r2022-08-24 00:00:00w2021-04-26yBK